Highways and byways of life ... (Record no. 17349)

MARC details
000 -LEADER
fixed length control field 00552cam a22002171 4500
001 - CONTROL NUMBER
control field ca 34000791
003 - CONTROL NUMBER IDENTIFIER
control field DLC
005 - DATE AND TIME OF LATEST TRANSACTION
control field 20260227111132.0
008 - FIXED-LENGTH DATA ELEMENTS--GENERAL INFORMATION
fixed length control field 880921s1934 ksu 000 0 eng
010 ## - LIBRARY OF CONGRESS CONTROL NUMBER
LC control number ca 34000791
035 ## - SYSTEM CONTROL NUMBER
System control number (OCoLC)18508512
040 ## - CATALOGING SOURCE
Original cataloging agency DLC
Transcribing agency RPB
Modifying agency DLC
042 ## - AUTHENTICATION CODE
Authentication code premarc
050 00 - LIBRARY OF CONGRESS CALL NUMBER
Classification number PS3537.M6766
Item number H5 1934
082 ## - DEWEY DECIMAL CLASSIFICATION NUMBER
Classification number 811.5
100 1# - MAIN ENTRY--PERSONAL NAME
Personal name Smith, Neal J.
245 10 - TITLE STATEMENT
Title Highways and byways of life ...
Statement of responsibility, etc. by Neal J. Smith.
260 ## - PUBLICATION, DISTRIBUTION, ETC.
Place of publication, distribution, etc. Salina, Kan.,
Date of publication, distribution, etc. c1934.
300 ## - PHYSICAL DESCRIPTION
Extent 23 p.
Dimensions 21 cm.
500 ## - GENERAL NOTE
General note On cover: Poems.

No items available.

Powered by Koha